| 000 | 00803nam a22002417a 4500 | ||
|---|---|---|---|
| 005 | 20250422161341.0 | ||
| 008 | 250422b |||||||| |||| 00| 0 eng d | ||
| 020 | _a978-1-032-98351-6 (hbk) | ||
| 037 | _cTB | ||
| 040 |
_aCRL _cCRL |
||
| 041 |
_2eng _aeng |
||
| 084 |
_aV2:2 R5 _qCRL |
||
| 245 | _aWorking of the Indian constitution | ||
| 260 |
_aLondon, UK: _bRoutledge, _c2025. |
||
| 300 | _axvii, 276p. | ||
| 365 |
_b1295.00 _cINR |
||
| 650 |
_aConstitutions _9752735 |
||
| 650 |
_aIndia History _9752712 |
||
| 700 |
_aSengupta, Arghya (Editor) _9752736 |
||
| 700 |
_aGoyal, Omita (Editor) _9752737 |
||
| 942 |
_2CC _cTB _hV2:2 R5 _n0 |
||
| 999 |
_c1309286 _d1309286 |
||